[Event "5th Novi Sad it"]
[Site "Novi Sad"]
[Date "1976.10.08"]
[EventDate "1976.09.29"]
[Round "9.1"]
[White "Sax, Gyula"]
[Black "Buljovcic, Ivan"]
[Result "1-0"]
[WhiteElo "2530"]
[BlackElo "2455"]
[PlyCount "57"]
[Source "Perpetual Check"]

1. e4 c5 2. Nf3 d6 3. d4 cxd4 4. Qxd4 Nc6 5. Bb5 Bd7 6. Bxc6 Bxc6 7. Nc3 Nf6 8.
Bg5 e6 9. O-O-O Be7 10. Rhe1 O-O 11. Qd2 Qa5 12. Kb1 Rfd8 13. Nd4 h6 14. Nd5
Qxd2 15. Nxe7+ Kf8 16. Bxd2 Kxe7 17. Bb4 Bxe4 18. Nb5 Kf8 19. Rxd6 Kg8 20.
Rxd8+ Rxd8 21. f3 Bd5 22. Nxa7 Ra8 23. Bc5 Nd7 24. Bd4 b6 25. Nb5 Bxa2+ 26. Kc1
Ra5 27. Nc3 Bc4 28. b3 Ra1+ 29. Nb1 1-0

[Event "5th Novi Sad it"]
[Site "Novi Sad"]
[Date "1976.10.08"]
[EventDate "1976.09.29"]
[Round "9.2"]
[White "Smejkal, Jan"]
[Black "Matulovic, Milan"]
[Result "1/2-1/2"]
[WhiteElo "2615"]
[BlackElo "2505"]
[PlyCount "93"]
[Source "Perpetual Check"]

1. Nf3 g6 2. c4 Bg7 3. d4 d6 4. Nc3 e5 5. dxe5 dxe5 6. Qxd8+ Kxd8 7. Be3 Be6 8.
O-O-O+ Nd7 9. b3 f6 10. h3 Bh6 11. Bxh6 Nxh6 12. g4 Nf7 13. Bg2 c6 14. Rd2 Rc8
15. e3 Ke7 16. Nh4 g5 17. Nf5+ Bxf5 18. gxf5 Nc5 19. b4 Na6 20. Rhd1 Rhd8 21.
Rxd8 Rxd8 22. Rxd8 Kxd8 23. a3 Nd6 24. Ne4 Nxe4 25. Bxe4 Kc7 26. Kd2 c5 27. b5
Nb8 28. Bd5 Nd7 29. Kc3 Nb6 30. e4 Nc8 31. f3 Nd6 32. Bg8 h5 33. Bd5 Kb6 34.
Kb3 Ka5 35. a4 a6 36. Ka3 Kb6 37. Kb3 a5 38. Kc3 Kc7 39. Kd3 Kd8 40. Be6 Ke7
41. b6 h4 42. Ke2 Ne8 43. Bd5 Nd6 44. Be6 Kf8 45. Ke3 Ke8 46. Kf2 Ke7 47. Ke2
1/2-1/2

[Event "5th Novi Sad it"]
[Site "Novi Sad"]
[Date "1976.10.08"]
[EventDate "1976.09.29"]
[Round "9.3"]
[White "Popovic, Petar"]
[Black "Gligoric, Svetozar"]
[Result "1/2-1/2"]
[WhiteElo "2405"]
[BlackElo "2575"]
[PlyCount "122"]
[Source "Perpetual Check"]

1. e4 g6 2. d4 Bg7 3. Nf3 d6 4. Bc4 Nf6 5. Qe2 O-O 6. e5 dxe5 7. dxe5 Nd5 8. h3
Nb6 9. Bb3 Nc6 10. O-O Na5 11. Rd1 Qe8 12. Nc3 Nxb3 13. axb3 Bd7 14. Ra5 c6 15.
Be3 Be6 16. Rda1 Nd5 17. Rxa7 Rxa7 18. Bxa7 Qd7 19. Nxd5 Bxd5 20. Re1 Qc7 21.
Bd4 c5 22. Bc3 Qc6 23. Rd1 f5 24. b4 e6 25. bxc5 Qxc5 26. Bd4 Qc6 27. Ne1 Rc8
28. c3 Ra8 29. f3 Ra2 30. Nd3 Qb5 31. Qd2 Ra8 32. Re1 Bc4 33. Nb4 Rd8 34. Qf4
Bf8 35. Bf2 Bb3 36. Qg5 Qe8 37. Qe3 Qb5 38. Qg5 Rc8 39. h4 Qd7 40. Qf4 Rc4 41.
Qe3 Bc5 42. Qe2 Bxb4 43. cxb4 f4 44. Ra1 Kg7 45. Bc5 Qd5 46. Qe1 Rc2 47. Be7
Qd4+ 48. Kh1 Bd5 49. Bf6+ Kf7 50. h5 Qd3 51. Rd1 Qf5 52. hxg6+ Qxg6 53. Rd2
Qh5+ 54. Kg1 Rc8 55. Qh4 Rc1+ 56. Kf2 Qxh4+ 57. Bxh4 Bc4 58. g3 fxg3+ 59. Kxg3
Bd5 60. Rd4 Re1 61. Rf4+ Ke8 1/2-1/2

[Event "5th Novi Sad it"]
[Site "Novi Sad"]
[Date "1976.10.08"]
[EventDate "1976.09.29"]
[Round "9.4"]
[White "Garcia Gonzales, Guillermo"]
[Black "Notaros, Krasoje"]
[Result "1/2-1/2"]
[WhiteElo "2475"]
[BlackElo "2350"]
[PlyCount "94"]
[Source "Perpetual Check"]

1. e4 g6 2. d4 Bg7 3. Nf3 d6 4. Bc4 c6 5. O-O Nf6 6. e5 Nd5 7. exd6 Qxd6 8.
Nbd2 Bg4 9. c3 O-O 10. h3 Bxf3 11. Qxf3 Nd7 12. Bd3 b5 13. Re1 e6 14. Ne4 Qc7
15. Bd2 a5 16. Rad1 a4 17. Bc2 c5 18. dxc5 Nxc5 19. a3 Nd7 20. Bc1 Ne5 21. Qg3
b4 22. axb4 Nxb4 23. Bb1 Nbc6 24. Ba2 Rfd8 25. Bg5 Rxd1 26. Rxd1 h6 27. Bf6
Bxf6 28. Nxf6+ Kg7 29. Ng4 h5 30. Nxe5 Qxe5 31. Qf3 Rd8 32. Rxd8 Nxd8 33. Qd1
Nb7 34. Qxa4 Qe1+ 35. Kh2 Qxf2 36. Qd4+ Qxd4 37. cxd4 h4 38. Kg1 Kf6 39. Kf2
Nd6 40. Ke3 g5 41. b4 Ke7 42. Bb1 f5 43. Bd3 Kd7 44. b5 Kc7 45. d5 e5 46. Bxf5
Nxf5+ 47. Ke4 Nd6+ 1/2-1/2

[Event "5th Novi Sad it"]
[Site "Novi Sad"]
[Date "1976.10.08"]
[EventDate "1976.09.29"]
[Round "9.5"]
[White "Marjan, Dusan"]
[Black "Ivkov, Borislav"]
[Result "1/2-1/2"]
[WhiteElo "2235"]
[BlackElo "2520"]
[PlyCount "169"]
[Source "Perpetual Check"]

1. e4 e5 2. Nf3 Nc6 3. Nc3 g6 4. d4 exd4 5. Nxd4 Bg7 6. Be3 d6 7. Be2 Nf6 8.
O-O O-O 9. f4 Re8 10. Nxc6 bxc6 11. Bf3 Bb7 12. Re1 Nd7 13. Qd3 c5 14. Rad1 Nf8
15. Bf2 Rb8 16. b3 Qf6 17. Ne2 Ne6 18. g3 Qe7 19. Bg2 Qd7 20. Nc3 Nd4 21. Nd5
Bxd5 22. exd5 h5 23. Bxd4 Bxd4+ 24. Kf1 h4 25. c3 Bf6 26. Rxe8+ Rxe8 27. Re1
Rxe1+ 28. Kxe1 Qe8+ 29. Kd2 hxg3 30. hxg3 Kg7 31. Bf1 Qh8 32. Qf3 a5 33. Kc2
Qe8 34. Qe2 Qd7 35. g4 Kg8 36. g5 Bg7 37. Qf3 a4 38. Bh3 Qe8 39. bxa4 Qxa4+ 40.
Kb2 Qb4+ 41. Kc2 Qa3 42. f5 Qxa2+ 43. Kc1 Qa3+ 44. Kc2 Qa4+ 45. Kb2 gxf5 46.
Bxf5 c4 47. Kc1 Qa1+ 48. Kd2 Qg1 49. Bg4 Qh2+ 50. Qe2 Qf4+ 51. Kc2 Be5 52. Bf3
Kf8 53. Be4 Qxg5 54. Qxc4 Qe3 55. Qd3 Qe1 56. Bf3 Qa1 57. Qd2 Qa2+ 58. Kd3 Qb1+
59. Kc4 Qf1+ 60. Be2 Qa1 61. Kb3 Qb1+ 62. Qb2 Qe1 63. Bd3 Qe3 64. Bc4 Ke7 65.
Qc2 f5 66. Qd3 Qe1 67. Kc2 Kf6 68. Qd2 Qh1 69. Be2 f4 70. Qd3 Qa1 71. Kb3 Kg5
72. Qf3 Qb1+ 73. Kc4 Qa2+ 74. Kd3 Kf6 75. Bd1 Ke7 76. Bc2 Kd8 77. Kd2 Qc4 78.
Qd3 Qc5 79. Bd1 Qa3 80. Bc2 Kc8 81. Qf5+ Kb7 82. Qd3 Qc5 83. Bd1 Ka7 84. Bf3
Qb6 85. Kc2 1/2-1/2

[Event "5th Novi Sad it"]
[Site "Novi Sad"]
[Date "1976.10.08"]
[EventDate "1976.09.29"]
[Round "9.7"]
[White "Olafsson, Fridrik"]
[Black "Hort, Vlastimil"]
[Result "1/2-1/2"]
[WhiteElo "2550"]
[BlackElo "2600"]
[PlyCount "33"]
[Source "Perpetual Check"]

1. Nf3 d5 2. d4 Nf6 3. c4 dxc4 4. e3 e6 5. Bxc4 c5 6. O-O a6 7. a4 Nc6 8. Qe2
cxd4 9. Rd1 Be7 10. exd4 O-O 11. Nc3 Nd5 12. Qe4 Nf6 13. Qh4 Nd5 14. Qg3 Bd6
15. Qg5 Qxg5 16. Bxg5 Ncb4 17. Ne4 1/2-1/2

[Event "5th Novi Sad it"]
[Site "Novi Sad"]
[Date "1976.10.08"]
[EventDate "1976.09.29"]
[Round "9.8"]
[White "Deze, Anton"]
[Black "Sigurjonsson, Gudmundur"]
[Result "1/2-1/2"]
[WhiteElo "2415"]
[BlackElo "2530"]
[PlyCount "209"]
[Source "Perpetual Check"]

1. c4 g6 2. e4 Bg7 3. d4 d6 4. Nc3 Nd7 5. Be3 e5 6. d5 Bh6 7. Bxh6 Nxh6 8. Qd2
Ng4 9. Be2 Ngf6 10. Qe3 a5 11. Nf3 Ng4 12. Qd2 Nc5 13. h3 Nf6 14. Qe3 Qe7 15.
Nd2 Bd7 16. O-O O-O 17. Nb3 b6 18. Nxc5 bxc5 19. a4 Kg7 20. Nb5 Bxb5 21. axb5
Nd7 22. Qc3 Qh4 23. Bd3 a4 24. Bc2 Kg8 25. Ra3 Nb6 26. Kh2 Qh5 27. Bd1 Qh6 28.
f3 f5 29. Bc2 Rf6 30. Kg1 fxe4 31. Bxe4 Raf8 32. Qd3 Qf4 33. Rc3 Qg3 34. Qe2 h5
35. Ra1 Kg7 36. Bc2 Rf4 37. Be4 g5 38. Re1 Rh4 39. Ra1 Rff4 40. Qe1 Qxe1+ 41.
Rxe1 Rf8 42. Kh2 Rhf4 43. g4 Rh8 44. Kg2 Kf7 45. Ra1 Ke7 46. Re1 Kd8 47. Ra1
Kc8 48. Re1 Kb7 49. Ra1 hxg4 50. hxg4 Rh4 51. Re1 Rh6 52. Ra1 Rf8 53. Rh1 Rxh1
54. Kxh1 Rf4 55. Kg2 Nd7 56. Bc2 Nf6 57. Kg3 Kb6 58. Bxa4 Nxd5 59. Rc1 Ne3 60.
Bb3 e4 61. fxe4 Nxg4 62. Bd1 Ne5 63. b3 Rxe4 64. Ra1 Re3+ 65. Kf2 Rh3 66. Ra8
Rd3 67. Ke2 Rd4 68. Bc2 Rf4 69. Bh7 c6 70. bxc6 Nxc6 71. Bg8 Nd4+ 72. Ke1 g4
73. Bd5 Kc7 74. Ra7+ Kd8 75. Rb7 g3 76. Rg7 Nf5 77. Rg6 Ke7 78. Ke2 Rf2+ 79.
Kd3 Rb2 80. Ke4 Nd4 81. Rxg3 Rxb3 82. Rg7+ Kf6 83. Rf7+ Kg6 84. Rb7 Rxb7 85.
Bxb7 Kf6 86. Bc8 Nc2 87. Bh3 Ke7 88. Bg4 Kd8 89. Kd3 Nb4+ 90. Kc3 Ke7 91. Bf3
Kf6 92. Bb7 Ke5 93. Bg2 Kf4 94. Kd2 Na6 95. Bc6 Nc7 96. Kd3 Ne6 97. Bd5 Ng5 98.
Ke2 Ne4 99. Kd3 Nf2+ 100. Ke2 Ng4 101. Kd3 Kg3 102. Be6 Nf2+ 103. Ke3 Nd1+ 104.
Kd2 Nb2 105. Ke3 1/2-1/2

[Event "5th Novi Sad it"]
[Site "Novi Sad"]
[Date "1976.10.09"]
[EventDate "1976.09.29"]
[Round "10.1"]
[White "Buljovcic, Ivan"]
[Black "Sigurjonsson, Gudmundur"]
[Result "1-0"]
[WhiteElo "2455"]
[BlackElo "2530"]
[PlyCount "81"]
[Source "Perpetual Check"]

1. e4 c5 2. c3 Nf6 3. e5 Nd5 4. d4 cxd4 5. Qxd4 e6 6. Nf3 Nc6 7. Qe4 d6 8. Nbd2
Bd7 9. exd6 Bxd6 10. Nc4 Bc7 11. Bd3 Qe7 12. Nce5 O-O-O 13. O-O Nxe5 14. Nxe5
Be8 15. Rd1 f6 16. Nf3 Bg6 17. Qe1 Bh5 18. Be2 a5 19. g3 Kb8 20. Bd2 Qf7 21. b3
e5 22. c4 Ne7 23. Bxa5 Bxa5 24. Qxa5 Nc6 25. Qc3 e4 26. Nd4 Bxe2 27. Nxe2 Ne5
28. Qe3 f5 29. h3 Qg6 30. Nc3 Qh5 31. Kg2 Nd3 32. Nd5 Rd6 33. Rxd3 exd3 34. Qe5
Rhd8 35. c5 Qe2 36. Qxe2 dxe2 37. cxd6 Rxd6 38. Nc3 Rd2 39. Re1 Rc2 40. Nxe2
Rxa2 41. Nd4 1-0

[Event "5th Novi Sad it"]
[Site "Novi Sad"]
[Date "1976.10.09"]
[EventDate "1976.09.29"]
[Round "10.2"]
[White "Hort, Vlastimil"]
[Black "Deze, Anton"]
[Result "0-1"]
[WhiteElo "2600"]
[BlackElo "2415"]
[PlyCount "182"]
[Source "Perpetual Check"]

1. e4 c5 2. Nf3 d6 3. d4 cxd4 4. Nxd4 Nf6 5. Nc3 Nc6 6. Bg5 e6 7. Qd2 a6 8.
O-O-O Bd7 9. f4 Be7 10. Nf3 b5 11. Bxf6 gxf6 12. f5 Qb6 13. Kb1 O-O-O 14. Ne2
Qf2 15. Qd3 Kb8 16. Ned4 Nxd4 17. Rd2 Ne2 18. Bxe2 Rhg8 19. g3 Rc8 20. Qb3 Qc5
21. a4 Rc7 22. axb5 Rb7 23. Nd4 Qe5 24. Rhd1 Rc8 25. Bh5 Bxb5 26. Bxf7 Bc6 27.
Qxe6 Bxe4 28. Bh5 d5 29. Qxa6 Bb4 30. Kc1 Qc7 31. Re2 Qc5 32. Nb3 Qxc2+ 33.
Rxc2 Rxc2+ 34. Kb1 Rc6+ 35. Qd3 Rcb6 36. Bf3 Bxd3+ 37. Rxd3 Re7 38. Bxd5 Re1+
39. Kc2 Re5 40. g4 Re2+ 41. Kb1 Rxh2 42. Nd4 Bc5 43. Nb3 Bb4 44. Nd4 h6 45. b3
Bc5 46. Nc6+ Kc7 47. Rc3 Kd6 48. Bf3 Rf2 49. Na5 Bb4 50. Nc4+ Kc7 51. Re3 Rb8
52. Nb2 Bd2 53. Rd3 Rd8 54. Bd5 Bb4 55. Rd1 Rd2 56. Rxd2 Bxd2 57. Bf7 Rd7 58.
Bh5 Bb4 59. Nc4 Rd3 60. Kc2 Rc3+ 61. Kb2 Rg3 62. Na3 Kd6 63. Nb5+ Kc5 64. Nc7
Rg2+ 65. Kb1 Ba3 66. Bf7 Bb2 67. Ne6+ Kb4 68. Nf4 Rxg4 69. Nd5+ Ka3 70. Kc2
Rg2+ 71. Kd3 Rg3+ 72. Ke2 Rxb3 73. Ne3 Rb7 74. Bg6 Bc1 75. Nd5 Bg5 76. Kf3 Rb1
77. Bf7 Rh1 78. Kg3 Kb2 79. Nc7 Kc3 80. Ne8 Kd4 81. Ng7 Ke3 82. Nh5 Rg1+ 83.
Kh3 Kf2 84. Bd5 Rd1 85. Be4 Re1 86. Bc6 Rc1 87. Bd5 Rd1 88. Be4 Ra1 89. Bc6 Rb1
90. Be4 Rb4 91. Ng3 Rb3 0-1

[Event "5th Novi Sad it"]
[Site "Novi Sad"]
[Date "1976.10.09"]
[EventDate "1976.09.29"]
[Round "10.4"]
[White "Ivkov, Borislav"]
[Black "Vukic, Milan"]
[Result "1/2-1/2"]
[WhiteElo "2520"]
[BlackElo "2510"]
[PlyCount "33"]
[Source "Perpetual Check"]

1. e4 c6 2. d4 d5 3. Nc3 dxe4 4. Nxe4 Bf5 5. Ng3 Bg6 6. Nf3 Nd7 7. Bd3 e6 8.
O-O Ngf6 9. Bg5 Be7 10. Re1 O-O 11. Bxg6 hxg6 12. Ne5 Qc7 13. Qe2 Bd6 14. Rad1
Rfe8 15. a3 c5 16. Bxf6 Nxf6 17. dxc5 1/2-1/2

[Event "5th Novi Sad it"]
[Site "Novi Sad"]
[Date "1976.10.09"]
[EventDate "1976.09.29"]
[Round "10.5"]
[White "Notaros, Krasoje"]
[Black "Marjan, Dusan"]
[Result "0-1"]
[WhiteElo "2350"]
[BlackElo "2235"]
[PlyCount "82"]
[Source "Perpetual Check"]

1. f4 d5 2. Nf3 g6 3. e3 Bg7 4. Be2 Nf6 5. d3 c5 6. O-O O-O 7. Qe1 Nc6 8. Nbd2
Ng4 9. Bd1 d4 10. exd4 cxd4 11. Nc4 b5 12. Nce5 Ngxe5 13. Nxe5 Nxe5 14. fxe5
Bb7 15. a4 a6 16. Bf4 Qd7 17. b3 Qe6 18. h3 h5 19. g4 Rac8 20. axb5 axb5 21.
Ra7 Rc7 22. Qg3 h4 23. Qh2 Qb6 24. Ra2 Rc5 25. Re1 Qc6 26. Ra7 g5 27. Bxg5 Rxe5
28. Bxh4 Rxe1+ 29. Bxe1 Be5 30. Bg3 Bxg3 31. Qxg3 Qh1+ 32. Kf2 Qxd1 33. Rxb7
Qxc2+ 34. Kg1 Qc1+ 35. Kf2 Rc8 36. Qe5 Qd2+ 37. Kg3 Qxd3+ 38. Kh4 Qh7+ 39. Qh5
Qxh5+ 40. Kxh5 Rc5+ 41. Kh6 Rc6+ 0-1

[Event "5th Novi Sad it"]
[Site "Novi Sad"]
[Date "1976.10.09"]
[EventDate "1976.09.29"]
[Round "10.6"]
[White "Gligoric, Svetozar"]
[Black "Garcia Gonzales, Guillermo"]
[Result "0-1"]
[WhiteElo "2575"]
[BlackElo "2475"]
[PlyCount "128"]
[Source "Perpetual Check"]

1. d4 Nf6 2. c4 e6 3. Nc3 Bb4 4. e3 b6 5. Bd3 Bb7 6. Nf3 O-O 7. O-O c5 8. Na4
Qe7 9. a3 Ba5 10. Rb1 Rc8 11. Qe2 d5 12. cxd5 exd5 13. dxc5 bxc5 14. Nxc5 Rxc5
15. b4 Rxc1 16. Rfxc1 Bd8 17. Nd4 Nbd7 18. a4 Ne5 19. a5 Nxd3 20. Qxd3 Qd6 21.
Qb5 Ba6 22. Qc6 Qxc6 23. Nxc6 Bb5 24. Rc5 a6 25. Rbc1 Kf8 26. f3 Be7 27. Nxe7
Kxe7 28. Rc7+ Nd7 29. Rd1 Kd6 30. Rc3 Ke6 31. Rd4 Ne5 32. e4 dxe4 33. Rxe4 f5
34. Ree3 Kf6 35. Rc5 Nc6 36. g4 g6 37. h4 Rd8 38. g5+ Kf7 39. h5 Rd4 40. h6
Rxb4 41. Rec3 Ne7 42. Rc7 Rb1+ 43. Kf2 f4 44. R3c5 Ke6 45. Kg2 Kd6 46. Rc1 Rxc1
47. Rxc1 Nc6 48. Re1 Nd4 49. Rd1 Ke5 50. Re1+ Kd6 51. Rd1 Ke5 52. Re1+ Be2 53.
Kf2 Kd5 54. Rb1 Bb5 55. Rd1 Bc4 56. Kg2 Kc5 57. Re1 Ne6 58. Kh3 Nxg5+ 59. Kg4
Ne6 60. Rb1 Bd3 61. Rb7 Bf5+ 62. Kh4 Kd6 63. Rb6+ Ke5 64. Rxa6 Nd4 0-1

[Event "5th Novi Sad it"]
[Site "Novi Sad"]
[Date "1976.10.09"]
[EventDate "1976.09.29"]
[Round "10.7"]
[White "Matulovic, Milan"]
[Black "Popovic, Petar"]
[Result "1-0"]
[WhiteElo "2505"]
[BlackElo "2405"]
[PlyCount "97"]
[Source "Perpetual Check"]

1. e4 c5 2. Nf3 d6 3. d4 cxd4 4. Nxd4 Nf6 5. Nc3 Nc6 6. Bg5 Qb6 7. Nb3 e6 8.
Bd3 Be7 9. Qe2 a6 10. O-O Bd7 11. Rae1 Qc7 12. Bd2 b5 13. a3 Ne5 14. f4 Nxd3
15. cxd3 e5 16. d4 O-O 17. fxe5 dxe5 18. Nd5 Nxd5 19. exd5 Qc2 20. Qxe5 Qxb3
21. Qxe7 Qxd5 22. Re5 Qxd4+ 23. Be3 Qxb2 24. Rf2 Qb1+ 25. Rf1 Qd3 26. Rg5 Rae8
27. Rxg7+ Kxg7 28. Qf6+ Kg8 29. Bd4 Qxd4+ 30. Qxd4 Bc6 31. Rf6 Re4 32. Qc5 Ba8
33. Qg5+ Kh8 34. Rxa6 Re2 35. Qf6+ Kg8 36. Kf1 Rc2 37. Qg5+ Kh8 38. Qf6+ Kg8
39. Qg5+ Kh8 40. Qe5+ Kg8 41. g4 Rfc8 42. Rd6 Bg2+ 43. Ke1 Bc6 44. Qg5+ Kh8 45.
h4 b4 46. Rd8+ Rxd8 47. Qxd8+ Kg7 48. Qg5+ Kf8 49. axb4 1-0

[Event "5th Novi Sad it"]
[Site "Novi Sad"]
[Date "1976.10.09"]
[EventDate "1976.09.29"]
[Round "10.8"]
[White "Sax, Gyula"]
[Black "Smejkal, Jan"]
[Result "0-1"]
[WhiteElo "2530"]
[BlackElo "2615"]
[PlyCount "124"]
[Source "Perpetual Check"]

1. e4 e5 2. Nc3 Nc6 3. Bc4 Nf6 4. d3 Bc5 5. Bg5 Na5 6. Nf3 Nxc4 7. dxc4 h6 8.
Bxf6 Qxf6 9. Nd5 Qd6 10. O-O c6 11. Ne3 Qxd1 12. Rfxd1 d6 13. Rd3 g6 14. Nd1
Be6 15. b3 a6 16. a4 O-O-O 17. Nc3 f5 18. Nh4 Rhg8 19. Re1 Bb4 20. Re2 fxe4 21.
Nxe4 g5 22. Nf3 d5 23. cxd5 cxd5 24. Ng3 e4 25. Rd1 Bg4 26. Re3 Kb8 27. h3 Bc5
28. Rc3 Bb4 29. Re3 Bc5 30. Rc3 Bxf3 31. gxf3 Rc8 32. Ne2 Rgf8 33. fxe4 Bxf2+
34. Kg2 dxe4 35. Rxc8+ Kxc8 36. Nc3 e3 37. Rd6 Bh4 38. Re6 Rf2+ 39. Kh1 Rf1+
40. Kg2 Rf2+ 41. Kh1 Rxc2 42. Rxe3 Kc7 43. Ne4 Kb6 44. Nd6 Rc6 45. Rd3 Be1 46.
Kg2 Rc3 47. Rd1 Bh4 48. b4 Rg3+ 49. Kh2 Rb3 50. Rd4 Be1 51. Nc8+ Kc7 52. Ne7
Rb2+ 53. Kh1 Rd2 54. Re4 Bg3 55. Nf5 Bf4 56. h4 Ra2 57. Nxh6 Rh2+ 58. Kg1 Rxh4
59. Re7+ Kd8 60. Re6 Kd7 61. Rg6 Be3+ 62. Kg2 Rxb4 0-1

[Event "5th Novi Sad it"]
[Site "Novi Sad"]
[Date "1976.10.11"]
[EventDate "1976.09.29"]
[Round "11.1"]
[White "Smejkal, Jan"]
[Black "Buljovcic, Ivan"]
[Result "1/2-1/2"]
[WhiteElo "2615"]
[BlackElo "2455"]
[PlyCount "82"]
[Source "Perpetual Check"]

1. c4 Nf6 2. Nc3 e6 3. Nf3 Bb4 4. Qc2 c5 5. a3 Bxc3 6. Qxc3 Nc6 7. b4 d6 8. e3
Qe7 9. Bb2 O-O 10. Be2 Re8 11. bxc5 dxc5 12. Ne5 Nxe5 13. Qxe5 b6 14. h4 Rd8
15. Bf3 Bb7 16. Rh3 Bxf3 17. Rg3 Kf8 18. Rxg7 Kxg7 19. Qg5+ Kf8 20. Bxf6 Qd6
21. Qg7+ Ke8 22. Qg8+ Qf8 23. Qxf8+ Kxf8 24. gxf3 Re8 25. f4 h5 26. Ke2 Kg8 27.
Rg1+ Kh7 28. Rg7+ Kh6 29. Bc3 Rf8 30. Kf3 a6 31. a4 Rab8 32. f5 exf5 33. Kf4 b5
34. axb5 axb5 35. cxb5 Rxb5 36. Rg5 f6 37. Rxf5 Kg6 38. Rd5 Rfb8 39. Rd6 R5b6
40. Rd7 R6b7 41. Rd6 Rb6 1/2-1/2

[Event "5th Novi Sad it"]
[Site "Novi Sad"]
[Date "1976.10.11"]
[EventDate "1976.09.29"]
[Round "11.2"]
[White "Popovic, Petar"]
[Black "Sax, Gyula"]
[Result "1/2-1/2"]
[WhiteElo "2405"]
[BlackElo "2530"]
[PlyCount "96"]
[Source "Perpetual Check"]

1. e4 c5 2. Nf3 d6 3. Nc3 e6 4. d4 cxd4 5. Nxd4 a6 6. g3 Nf6 7. Bg2 Bd7 8. O-O
Nc6 9. Re1 Be7 10. Nxc6 Bxc6 11. e5 dxe5 12. Bxc6+ bxc6 13. Qxd8+ Rxd8 14. Rxe5
Nd5 15. Nd1 O-O 16. Re2 Bf6 17. Bd2 Rd7 18. Kf1 Rb8 19. c3 a5 20. Ke1 h5 21.
Re4 g6 22. Rc1 Bg7 23. h3 c5 24. Rc4 Rd6 25. Rc2 Rb5 26. a4 Rb8 27. Rxc5 h4 28.
Rxa5 hxg3 29. fxg3 f5 30. Ke2 f4 31. Nf2 fxg3 32. Ne4 Rd7 33. Kf3 Nb6 34. Kxg3
Rd3+ 35. Kg2 Nc4 36. Rc5 Rxd2+ 37. Nxd2 Ne3+ 38. Kf3 Nxc2 39. b4 Bh6 40. Nc4
Rf8+ 41. Ke4 Rf4+ 42. Ke5 g5 43. Kxe6 Bg7 44. Nd6 Rf3 45. Rxg5 Kh7 46. Ne4 Re3
47. Rg4 Bxc3 48. Kd6 Bxb4+ 1/2-1/2

[Event "5th Novi Sad it"]
[Site "Novi Sad"]
[Date "1976.10.11"]
[EventDate "1976.09.29"]
[Round "11.3"]
[White "Garcia Gonzales, Guillermo"]
[Black "Matulovic, Milan"]
[Result "1-0"]
[WhiteElo "2475"]
[BlackElo "2505"]
[PlyCount "113"]
[Source "Perpetual Check"]

1. e4 c5 2. Nf3 Nc6 3. Bb5 g6 4. O-O Bg7 5. c3 Nf6 6. e5 Nd5 7. d4 cxd4 8. cxd4
O-O 9. Nc3 Nc7 10. Bxc6 dxc6 11. Be3 Bg4 12. h3 Bxf3 13. Qxf3 f5 14. Rfd1 e6
15. Ne2 h6 16. Bd2 Nd5 17. b4 Qd7 18. a4 Rfd8 19. Qb3 Kh7 20. Nc1 Nc7 21. Ne2
Qe8 22. Be1 a6 23. Qc2 Bf8 24. Nc1 Rd7 25. Rb1 Rad8 26. Nb3 Nd5 27. Nc5 Rg7 28.
Rb3 Bxc5 29. dxc5 Rgd7 30. Qb2 Ne7 31. Rd6 Nc8 32. b5 axb5 33. axb5 Nxd6 34.
exd6 Ra8 35. bxc6 bxc6 36. Qe5 Ra4 37. Re3 Re4 38. Rxe4 fxe4 39. Qxe4 Rf7 40.
Bd2 Rf5 41. Qh4 g5 42. Qe4 Kg8 43. Be3 Rd5 44. Kh2 Qf7 45. Qa4 Qe8 46. Qa7 Rf5
47. Bd4 e5 48. Bc3 Rf7 49. Qa2 e4 50. Qc4 Kh7 51. Qd4 Kg6 52. f3 exf3 53. Qd3+
Kh5 54. d7 Rxd7 55. g4+ Kh4 56. Qxf3 Qb8+ 57. Kg2 1-0

[Event "5th Novi Sad it"]
[Site "Novi Sad"]
[Date "1976.10.11"]
[EventDate "1976.09.29"]
[Round "11.4"]
[White "Marjan, Dusan"]
[Black "Gligoric, Svetozar"]
[Result "0-1"]
[WhiteElo "2235"]
[BlackElo "2575"]
[PlyCount "68"]
[Source "Perpetual Check"]

1. e4 c5 2. Nf3 d6 3. d4 cxd4 4. Nxd4 Nf6 5. Nc3 a6 6. Bc4 e6 7. Bb3 Nbd7 8.
O-O Nc5 9. Qe2 Be7 10. f4 O-O 11. Kh1 Re8 12. f5 e5 13. Nf3 Nxb3 14. axb3 h6
15. Rd1 Bd7 16. Nd5 Nxd5 17. Rxd5 Qc7 18. Ne1 Bc6 19. Rd3 Bf6 20. Qg4 h5 21.
Qxh5 Bxe4 22. Rh3 Kf8 23. Ra4 Bc6 24. Rg4 Qa5 25. Re3 Ke7 26. Rd4 Rh8 27. Qd1
e4 28. Rdxe4+ Bxe4 29. Rxe4+ Kf8 30. Qxd6+ Kg8 31. Qd7 Rd8 32. b4 Qa1 33. Re8+
Kh7 34. Rxh8+ Kxh8 0-1

[Event "5th Novi Sad it"]
[Site "Novi Sad"]
[Date "1976.10.11"]
[EventDate "1976.09.29"]
[Round "11.5"]
[White "Vukic, Milan"]
[Black "Notaros, Krasoje"]
[Result "1-0"]
[WhiteElo "2510"]
[BlackElo "2350"]
[PlyCount "114"]
[Source "Perpetual Check"]

1. Nf3 f5 2. g3 Nf6 3. Bg2 e6 4. c4 c6 5. O-O Be7 6. d4 O-O 7. b3 d5 8. Ba3 Bd7
9. Qc1 Be8 10. Ng5 Bf7 11. Bxe7 Qxe7 12. Qa3 Re8 13. Qxe7 Rxe7 14. Na3 a5 15.
Rfc1 Nbd7 16. e3 h6 17. Nf3 Bh5 18. Ne5 Nxe5 19. dxe5 Ng4 20. Bf3 Bg6 21. Bxg4
fxg4 22. Nc2 Bxc2 23. Rxc2 Rf7 24. Rd1 Rf5 25. Rd4 Rxe5 26. cxd5 exd5 27. Rxg4
Re6 28. Ra4 b5 29. Rf4 g5 30. Rg4 Kf7 31. h4 gxh4 32. Rxh4 Ke7 33. Rd2 Rd8 34.
Rh5 Rg8 35. Rh4 Rd8 36. Kf1 Rf8 37. Ke2 Ref6 38. f4 Re6 39. Kf3 Kd6 40. Rd3
Rff6 41. Rh5 Re8 42. a3 Re7 43. g4 Re8 44. b4 axb4 45. axb4 Rfe6 46. Ra3 Rf6
47. f5 Re4 48. Ra7 Rxb4 49. Rh7 Rb1 50. R5xh6 Rxh6 51. Rxh6+ Kd7 52. Rh7+ Kd6
53. Rh6+ Kd7 54. Kf4 Re1 55. g5 b4 56. g6 b3 57. g7 Rg1 1-0

[Event "5th Novi Sad it"]
[Site "Novi Sad"]
[Date "1976.10.12"]
[EventDate "1976.09.29"]
[Round "12.3"]
[White "Ivkov, Borislav"]
[Black "Deze, Anton"]
[Result "1-0"]
[WhiteElo "2520"]
[BlackElo "2415"]
[PlyCount "123"]
[Source "Perpetual Check"]

1. d4 Nf6 2. c4 e6 3. Nc3 d5 4. Bg5 c5 5. cxd5 cxd4 6. Qxd4 Be7 7. e4 Nc6 8.
Qe3 exd5 9. Bxf6 Bxf6 10. exd5+ Ne7 11. Bb5+ Bd7 12. Bxd7+ Qxd7 13. Nge2 O-O
14. Rd1 Bxc3+ 15. Nxc3 Nf5 16. Qd3 Rfe8+ 17. Ne2 Qe7 18. Rd2 Qg5 19. O-O Nh4
20. Ng3 Ng6 21. Rfd1 Rad8 22. d6 Re6 23. Qd5 Qxd5 24. Rxd5 Nf4 25. R5d2 g6 26.
Nf1 Re4 27. Ne3 Kf8 28. b3 b6 29. Nc4 Ne2+ 30. Kf1 Nc3 31. Rc1 Nb5 32. f3 Re6
33. Rcd1 Nc3 34. Re1 Rf6 35. Re3 b5 36. Rxc3 bxc4 37. Rxc4 Rfxd6 38. Rxd6 Rxd6
39. Ke2 a5 40. Ke3 Rd5 41. Rd4 Rh5 42. h3 Rc5 43. Rc4 Rd5 44. g4 h5 45. h4 hxg4
46. fxg4 f5 47. gxf5 gxf5 48. Kf4 Rd2 49. a4 Rd5 50. Rc7 Rd4+ 51. Kxf5 Rxh4 52.
Rb7 Ke8 53. Ke6 Kd8 54. Kd6 Rh6+ 55. Kc5 Kc8 56. Rb5 Ra6 57. Rb6 Ra7 58. Rc6+
Kd7 59. Kb6 Ra8 60. Kb7 Rh8 61. Rc5 Rh3 62. Rd5+ 1-0

[Event "5th Novi Sad it"]
[Site "Novi Sad"]
[Date "1976.10.12"]
[EventDate "1976.09.29"]
[Round "12.4"]
[White "Notaros, Krasoje"]
[Black "Olafsson, Fridrik"]
[Result "1/2-1/2"]
[WhiteElo "2350"]
[BlackElo "2550"]
[PlyCount "75"]
[Source "Perpetual Check"]

1. Nf3 c5 2. e4 e6 3. Nc3 a6 4. g3 b5 5. Bg2 Bb7 6. d3 d6 7. O-O Nd7 8. Re1 Ne7
9. a4 b4 10. Nb1 Nc6 11. Nbd2 Be7 12. Nc4 O-O 13. h4 a5 14. Ng5 h6 15. Nh3 Rb8
16. Nf4 Nce5 17. Be3 Nxc4 18. dxc4 Nf6 19. Nh5 Nxh5 20. Qxh5 Bf6 21. Rad1 Qe7
22. Bf4 Rbd8 23. e5 dxe5 24. Bxe5 Bxg2 25. Kxg2 Qb7+ 26. Kg1 Bxe5 27. Qxe5 Qc6
28. b3 f6 29. Qe3 e5 30. Rd3 Rfe8 31. Re2 h5 32. Rxd8 Rxd8 33. Rd2 Rd4 34. Rxd4
cxd4 35. Qd3 Kf7 36. f3 g6 37. Kf2 f5 38. f4 1/2-1/2

[Event "5th Novi Sad it"]
[Site "Novi Sad"]
[Date "1976.10.12"]
[EventDate "1976.09.29"]
[Round "12.5"]
[White "Gligoric, Svetozar"]
[Black "Vukic, Milan"]
[Result "1-0"]
[WhiteElo "2575"]
[BlackElo "2510"]
[PlyCount "73"]
[Source "Perpetual Check"]

1. e4 Nf6 2. e5 Nd5 3. d4 d6 4. Nf3 Bg4 5. Be2 e6 6. h3 Bh5 7. O-O Be7 8. c4
Nb6 9. Nc3 O-O 10. Be3 d5 11. cxd5 Nxd5 12. Qb3 Nb6 13. a4 a5 14. Rad1 Nc6 15.
d5 Nxd5 16. Nxd5 exd5 17. Rxd5 Qc8 18. Rb5 Bg6 19. Nd4 Nxd4 20. Bxd4 Bf5 21.
Bc5 Be6 22. Qc3 Bxc5 23. Rxc5 c6 24. Rxa5 Qc7 25. Rxa8 Rxa8 26. Bd1 Ra5 27. Re1
Qb6 28. b4 Rd5 29. Bb3 Qd4 30. Qxd4 Rxd4 31. Rd1 Rxd1+ 32. Bxd1 f6 33. f4 fxe5
34. fxe5 Kf7 35. Kf2 Ke7 36. Ke3 Kd7 37. Bg4 1-0